Camino de Santiago: Etapa de Navarra - Estadísticas

Estadísticas generales
  • Esta prueba ha sido intentada 6 veces
  • La puntuación promedio es 8 de 51
Respuestas en el mapa
Las respuestas están codificadas por una escala verde-roja en el mapa de la prueba según el % correcto abajo.
 
Estadísticas de respuestas
Lugar % Correcto
Pamplona | Iruña
100%
Orreaga | Roncesvalles
83%
Estella | Lizarra
67%
Auritz | Burguete
50%
Aurizberri | Espinal
50%
Luzaide | Valcarlos
50%
Puente la Reina | Gares
50%
Sangüesa
50%
Los Arcos
33%
Tiebas
33%
Viana
33%
Villava
33%
Zubiri
33%
Ayegui
17%
Cirauqui
17%
Cizur Menor
17%
Enériz
17%
Mañeru
17%
Monreal
17%
Muruarte de Reta
17%
Salinas de Ibargoiti
17%
Villatuerta
17%
Abínzano
0%
Akerreta
0%
Arleta
0%
Ázqueta
0%
Bizkarreta-Gerendiain
0%
Ezkirotz
0%
Ezperun
0%
Guenduláin
0%
Guerendiáin
0%
Ilarratz
0%
Irotz
0%
Izco
0%
Larrasoaña
0%
Lintzoain
0%
Lorca
0%
Luquín
0%
Muruzábal
0%
Obanos
0%
Olcoz
0%
Otano
0%
Rocaforte
0%
Sansol
0%
Torres del Río
0%
Uterga
0%
Villamayor de Monjardín
0%
Yárnoz
0%
Zabaldika
0%
Zariquiegui
0%
Zuriain
0%
No se encontraron pruebas coincidentes
Distribución de puntuación
Porcentaje de gente con cada puntuación
Porcentaje por número respondido
Historial de tus puntuaciones
No has intentado esta prueba.